| 000 | 01085nam a2200253 i 4500 | ||
|---|---|---|---|
| 003 | EG-ScBUE | ||
| 005 | 20231010113818.0 | ||
| 008 | 100413s2008 le f 000 0 ara d | ||
| 040 |
_aEG-ScBUE _bara _erda _cEG-ScBUE _dEG-ScBUE |
||
| 082 | 0 | 4 |
_222 _a909.0974927 _bح ر ك |
| 245 | 1 | 0 |
_aحركة القوميين العرب : _b نشأتها وتطورها عبر وثائقها، ١٩٥١-١٩٦٨ / _cتحرير هاني الهندي. |
| 250 | _aالطبعة الأولى. | ||
| 264 | 1 |
_aبيروت : _bمؤسسة الأبحاث العربية، _c2008. |
|
| 300 |
_a464 صفحة ؛ _c24 سم |
||
| 336 |
_2rdacontent _aنص _btxt |
||
| 337 |
_2rdamedia _aبدون وسيط _bn |
||
| 338 |
_2rdacarrier _aمجلد _bnc |
||
| 505 | 2 | _aالمحتويات : الكتاب الثاني 1961-1968 الجزء الثانى. | |
| 650 | 7 |
_913464 _aالقومية العربية _xتاريخ. _2BUEsh |
|
| 651 | 7 |
_913371 _aالعالم العربي _xتاريخ _yالعصر الحديث. _2BUEsh |
|
| 655 | _vReading book | ||
| 700 | 1 |
_913461 _aهندي، هاني، _eمحرر. |
|
| 942 |
_2ddc _cBB |
||
| 999 |
_c13875 _d13875 |
||